000 00941nam a2200277 a 4500
001 5376
003 BD-RJUL
005 20211208234045.0
008 131226s1957 enk 000 0 eng d
035 _a(BD-RJUL)5412
035 _a(OCoLC)12852097
040 _aEQO
_cEQO
_beng
041 _aeng
082 _a335.4
_bCAS 1957
100 1 _aCaudwell, Christopher,
_d1907-1937.
_916898
245 1 0 _aStudies in a dying culture /
_cby Christopher Caudwell ; with an introduction by John Strachey
260 _aLondon :
_bJohn Lane,
_cc1938[Reprinted 1957]
300 _axxiii, 228 p.
_c19 cm.
505 0 _aGeorge Bernard Shaw -- T.E. Lawrence -- D.H. Lawrence -- H.G. Wells -- Pacifism and violence -- Love -- Freud -- Liberty
526 _bSociology
650 0 _aSocial history
_y20th century.
_916899
650 0 _aCivilization, Modern
_y20th century
_916900
650 0 _aCommunism
_916901
942 _2ddc
_cBK
999 _c5376
_d5376